| 000 | 00873 a2200253 4500 | ||
|---|---|---|---|
| 003 | OSt | ||
| 005 | 20180116192351.0 | ||
| 008 | 120601t xxu||||| |||| 00| 0 eng d | ||
| 010 | _a 2008438089 | ||
| 020 | _a9622097448 (hbk.) | ||
| 020 | _a9789622097445 (hbk.) | ||
| 035 | _a(OCoLC)ocm62479416 | ||
| 040 | _c0 | ||
| 082 | _a720.951090 | ||
| 100 | 1 |
_aXue, Charlie Q. L. _93487 |
|
| 245 | 1 | 0 |
_aBuilding a revolution : _bChinese architecture since 1980 / _cCharlie Q.L. Xue. |
| 246 | 3 | 0 | _aChinese architecture since 1980 |
| 260 |
_aHong Kong : _bHong Kong University Press, _cc2006. |
||
| 300 |
_a204 p. : _bill. _c29 cm. |
||
| 650 | 0 |
_aArchitecture _zChina _xHistory _y20th century. _93488 |
|
| 650 | 0 |
_aArchitecture _zChina _xHistory _y21st century. _93489 |
|
| 942 |
_aSADA _cBK _k720.951090 XUE 2006 _2ddc |
||
| 999 |
_c352934 _d352934 |
||